000 00991nam a22003017a 4500
001 3422
003 FISKH
005 20250612123353.0
008 240304b cb ||||| |||| 00| 0 eng d
020 _a708431201484
040 _aFISKH
_beng
_cFISKH
_dFISKH
050 _aPZ7.O222
082 _a813.69
100 _aO'Connor, Jane
_dauthor
245 _aFancy Nancy explorer extraordinaire ! /
_cby O'Connor and Robin Preiss Glasser
260 _aCalifornia :
_bLeapFrog Enterprise ,
_c2009
300 _a32 pages :
_bcolor illustrations ;
_c24 cm .
490 _a Fancy Nancy
505 _aO
520 _aNancy and her friend Bree explore the fascinating world of birds and insects in their exclusive and glamorous Explorers Extraordinaire Club.
521 8 _a600
_bLexile
521 8 _aO
_bRaz-Plus
600 _2bugs
_vFiction
650 _afriendship
_vFiction
700 _aGlasser, Robin Preiss
_eillustrator
942 _2ddc
_cBK
_n0
999 _c3422
_d3422